000 00586nam a2200181Ia 4500
008 240729s9999 xx 000 0 und d
022 _a2053-1591
245 0 _aMaterials Research Express
260 _aUnited Kingdom
260 _bIOP Publishing
650 _a Chemical technology
650 _a Electrical engineering. Electronics. Nuclear engineering
650 _a Materials of engineering and construction. Mechanics of materials | Technology
650 _aTechnology
856 _uhttps://doaj.org/toc/45bf0e93caae4c039d0938713d107163
942 _2ddc
942 _cDOAJEJ
999 _c73661
_d73661
945 _a1
_bMadushi Gamage
_c1
_dMadushi Gamage